<?xml version="1.0" encoding="UTF-8"?>
<record
    xmlns:xsi="http://www.w3.org/2001/XMLSchema-instance"
    xsi:schemaLocation="http://www.loc.gov/MARC21/slim http://www.loc.gov/standards/marcxml/schema/MARC21slim.xsd"
    xmlns="http://www.loc.gov/MARC21/slim">

  <leader>02906nam a22004215a 4500</leader>
  <controlfield tag="005">20090526121324.0</controlfield>
  <controlfield tag="008">090319s2009    ii       b    001 0 eng  </controlfield>
  <datafield tag="010" ind1=" " ind2=" ">
    <subfield code="a">ENG-93732</subfield>
  </datafield>
  <datafield tag="020" ind1=" " ind2=" ">
    <subfield code="a">9780195690859</subfield>
    <subfield code="c">1295.00</subfield>
  </datafield>
  <datafield tag="020" ind1=" " ind2=" ">
    <subfield code="a">0195690850</subfield>
    <subfield code="c">1295.00</subfield>
  </datafield>
  <datafield tag="035" ind1=" " ind2=" ">
    <subfield code="a">EN-77265</subfield>
  </datafield>
  <datafield tag="035" ind1=" " ind2=" ">
    <subfield code="a">B-360821-826</subfield>
  </datafield>
  <datafield tag="035" ind1=" " ind2=" ">
    <subfield code="a">B-379440</subfield>
  </datafield>
  <datafield tag="037" ind1=" " ind2=" ">
    <subfield code="a">DBAD / PUB</subfield>
  </datafield>
  <datafield tag="037" ind1=" " ind2=" ">
    <subfield code="a">UBH</subfield>
  </datafield>
  <datafield tag="037" ind1=" " ind2=" ">
    <subfield code="a">Uppal Book Store </subfield>
  </datafield>
  <datafield tag="040" ind1=" " ind2=" ">
    <subfield code="a">dpl</subfield>
    <subfield code="b">English </subfield>
  </datafield>
  <datafield tag="082" ind1=" " ind2=" ">
    <subfield code="a">954.022</subfield>
  </datafield>
  <datafield tag="245" ind1=" " ind2=" ">
    <subfield code="a">Information and the public sphere :</subfield>
    <subfield code="b">Persian newsletters from Mughal Delhi /</subfield>
    <subfield code="c">edited by Margrit Pernau [and] Yunus Jaffery</subfield>
  </datafield>
  <datafield tag="260" ind1=" " ind2=" ">
    <subfield code="a">New Delhi </subfield>
    <subfield code="b">Oxford University Press</subfield>
    <subfield code="c">2009</subfield>
  </datafield>
  <datafield tag="270" ind1=" " ind2=" ">
    <subfield code="a">YMCA Library Building, Jai Singh Road, </subfield>
    <subfield code="b">New Delhi </subfield>
    <subfield code="e">110001</subfield>
  </datafield>
  <datafield tag="300" ind1=" " ind2=" ">
    <subfield code="a">480 p. </subfield>
    <subfield code="c">25cm(Hb) </subfield>
  </datafield>
  <datafield tag="500" ind1=" " ind2=" ">
    <subfield code="a">Includes bibliographical references and index</subfield>
  </datafield>
  <datafield tag="651" ind1=" " ind2=" ">
    <subfield code="a">India</subfield>
    <subfield code="x">History</subfield>
  </datafield>
  <datafield tag="700" ind1=" " ind2=" ">
    <subfield code="a">Pernau, Margrit</subfield>
  </datafield>
  <datafield tag="700" ind1=" " ind2=" ">
    <subfield code="a">Jaffery, Yunus</subfield>
  </datafield>
  <datafield tag="942" ind1=" " ind2=" ">
    <subfield code="2">ddc</subfield>
    <subfield code="c">EN</subfield>
    <subfield code="m">INF</subfield>
    <subfield code="h">954.022</subfield>
  </datafield>
  <datafield tag="999" ind1=" " ind2=" ">
    <subfield code="c">26813</subfield>
    <subfield code="d">26813</subfield>
  </datafield>
  <datafield tag="952" ind1=" " ind2=" ">
    <subfield code="0">0</subfield>
    <subfield code="1">0</subfield>
    <subfield code="2">ddc</subfield>
    <subfield code="4">0</subfield>
    <subfield code="7">1</subfield>
    <subfield code="8">NFIC</subfield>
    <subfield code="a">AG</subfield>
    <subfield code="b">DBAD</subfield>
    <subfield code="d">2009-05-26</subfield>
    <subfield code="e">DBAD /  PUB</subfield>
    <subfield code="g">1295.00</subfield>
    <subfield code="l">0</subfield>
    <subfield code="o">954.022 INF</subfield>
    <subfield code="p">EN-77265</subfield>
    <subfield code="r">2009-05-26 00:00:00</subfield>
    <subfield code="t">1</subfield>
    <subfield code="v">1295.00</subfield>
    <subfield code="w">2009-05-26</subfield>
    <subfield code="y">EN</subfield>
  </datafield>
  <datafield tag="952" ind1=" " ind2=" ">
    <subfield code="0">0</subfield>
    <subfield code="1">0</subfield>
    <subfield code="2">ddc</subfield>
    <subfield code="4">0</subfield>
    <subfield code="7">0</subfield>
    <subfield code="8">NFIC</subfield>
    <subfield code="a">L</subfield>
    <subfield code="b">L</subfield>
    <subfield code="d">2010-03-25</subfield>
    <subfield code="e">Uppal Book Store/UBS9013/26.10.09/128/16.10.09/26.10.09</subfield>
    <subfield code="g">1295.00</subfield>
    <subfield code="l">0</subfield>
    <subfield code="o">954.022 INF</subfield>
    <subfield code="p">B-360821</subfield>
    <subfield code="r">2010-03-25 00:00:00</subfield>
    <subfield code="t">1</subfield>
    <subfield code="v">1295.00</subfield>
    <subfield code="w">2010-03-25</subfield>
    <subfield code="y">EN</subfield>
  </datafield>
  <datafield tag="952" ind1=" " ind2=" ">
    <subfield code="0">0</subfield>
    <subfield code="1">0</subfield>
    <subfield code="2">ddc</subfield>
    <subfield code="4">0</subfield>
    <subfield code="7">0</subfield>
    <subfield code="8">NFIC</subfield>
    <subfield code="a">BL1</subfield>
    <subfield code="b">BL1</subfield>
    <subfield code="d">2010-03-25</subfield>
    <subfield code="e">Uppal Book Store/UBS9013/26.10.09/128/16.10.09/26.10.09</subfield>
    <subfield code="g">1295.00</subfield>
    <subfield code="l">0</subfield>
    <subfield code="o">954.022 INF</subfield>
    <subfield code="p">B-360822</subfield>
    <subfield code="r">2010-03-25 00:00:00</subfield>
    <subfield code="t">1</subfield>
    <subfield code="v">1295.00</subfield>
    <subfield code="w">2010-03-25</subfield>
    <subfield code="y">EN</subfield>
  </datafield>
  <datafield tag="952" ind1=" " ind2=" ">
    <subfield code="0">0</subfield>
    <subfield code="1">0</subfield>
    <subfield code="2">ddc</subfield>
    <subfield code="4">0</subfield>
    <subfield code="7">0</subfield>
    <subfield code="8">NFIC</subfield>
    <subfield code="a">JP</subfield>
    <subfield code="b">JP</subfield>
    <subfield code="d">2010-03-25</subfield>
    <subfield code="e">Uppal Book Store/UBS9013/26.10.09/128/16.10.09/26.10.09</subfield>
    <subfield code="g">1295.00</subfield>
    <subfield code="l">2</subfield>
    <subfield code="o">954.022 INF</subfield>
    <subfield code="p">B-360823</subfield>
    <subfield code="r">2010-09-04 00:00:00</subfield>
    <subfield code="s">2010-08-21</subfield>
    <subfield code="t">1</subfield>
    <subfield code="v">1295.00</subfield>
    <subfield code="w">2010-03-25</subfield>
    <subfield code="y">EN</subfield>
  </datafield>
  <datafield tag="952" ind1=" " ind2=" ">
    <subfield code="0">0</subfield>
    <subfield code="1">0</subfield>
    <subfield code="2">ddc</subfield>
    <subfield code="4">0</subfield>
    <subfield code="7">0</subfield>
    <subfield code="8">NFIC</subfield>
    <subfield code="a">VP</subfield>
    <subfield code="b">VP</subfield>
    <subfield code="d">2010-03-25</subfield>
    <subfield code="e">Uppal Book Store/UBS9013/26.10.09/128/16.10.09/26.10.09</subfield>
    <subfield code="g">1295.00</subfield>
    <subfield code="l">0</subfield>
    <subfield code="o">954.022 INF</subfield>
    <subfield code="p">B-360824</subfield>
    <subfield code="r">2010-03-25 00:00:00</subfield>
    <subfield code="t">1</subfield>
    <subfield code="v">1295.00</subfield>
    <subfield code="w">2010-03-25</subfield>
    <subfield code="y">EN</subfield>
  </datafield>
  <datafield tag="952" ind1=" " ind2=" ">
    <subfield code="0">0</subfield>
    <subfield code="1">0</subfield>
    <subfield code="2">ddc</subfield>
    <subfield code="4">0</subfield>
    <subfield code="7">0</subfield>
    <subfield code="8">NFIC</subfield>
    <subfield code="a">BL3</subfield>
    <subfield code="b">BL3</subfield>
    <subfield code="d">2010-03-25</subfield>
    <subfield code="e">Uppal Book Store/UBS9013/26.10.09/128/16.10.09/26.10.09</subfield>
    <subfield code="g">1295.00</subfield>
    <subfield code="l">0</subfield>
    <subfield code="o">954.022 INF</subfield>
    <subfield code="p">B-360825</subfield>
    <subfield code="r">2010-03-25 00:00:00</subfield>
    <subfield code="t">1</subfield>
    <subfield code="v">1295.00</subfield>
    <subfield code="w">2010-03-25</subfield>
    <subfield code="y">EN</subfield>
  </datafield>
  <datafield tag="952" ind1=" " ind2=" ">
    <subfield code="0">0</subfield>
    <subfield code="1">0</subfield>
    <subfield code="2">ddc</subfield>
    <subfield code="4">0</subfield>
    <subfield code="7">0</subfield>
    <subfield code="8">NFIC</subfield>
    <subfield code="a">BL4</subfield>
    <subfield code="b">BL4</subfield>
    <subfield code="d">2010-03-25</subfield>
    <subfield code="e">Uppal Book Store/UBS9013/26.10.09/128/16.10.09/26.10.09</subfield>
    <subfield code="g">1295.00</subfield>
    <subfield code="l">0</subfield>
    <subfield code="o">954.022 INF</subfield>
    <subfield code="p">B-360826</subfield>
    <subfield code="r">2010-03-25 00:00:00</subfield>
    <subfield code="t">1</subfield>
    <subfield code="v">1295.00</subfield>
    <subfield code="w">2010-03-25</subfield>
    <subfield code="y">EN</subfield>
  </datafield>
  <datafield tag="952" ind1=" " ind2=" ">
    <subfield code="0">0</subfield>
    <subfield code="1">0</subfield>
    <subfield code="2">ddc</subfield>
    <subfield code="4">0</subfield>
    <subfield code="7">1</subfield>
    <subfield code="8">REF</subfield>
    <subfield code="a">L</subfield>
    <subfield code="b">L</subfield>
    <subfield code="d">2010-04-07</subfield>
    <subfield code="e">UBH/245/24.2.10/178/23.2.10/24.2.10</subfield>
    <subfield code="g">1295.00</subfield>
    <subfield code="l">0</subfield>
    <subfield code="o">954.022 INF</subfield>
    <subfield code="p">B-379440</subfield>
    <subfield code="r">2010-04-07 00:00:00</subfield>
    <subfield code="t">1</subfield>
    <subfield code="v">1295.00</subfield>
    <subfield code="w">2010-04-07</subfield>
    <subfield code="y">EN</subfield>
  </datafield>
</record>
